Immagini satellitari - Arcipelaghi - Statistics

Statistiche generali
  • Questo quiz è stato fatto 62 volte
  • Il punteggio medio è 7 su 16
Statistiche sulle risposte
con Immagini Risposta % Corretto
Giappone
95%
Filippine
71%
Grandi {Antille}
71%
Hawaii
65%
Isole {Baleari}
64%
Isole {Canarie}
60%
Figi
49%
Isole {Falkland}
49%
Malta
45%
Terra del Fuoco
42%
Fær Øer
38%
Isole {Aleutine}
29%
Galápagos
25%
{Ebridi} Esterne
22%
Isole {Shetland}
13%
Florida Keys
5%
Nessun quiz corrispondente trovato
Distribuzione punteggi
Percentuale di utenti per punteggio
Percentile per numero di risposta
I tuoi punteggi nel tempo
Non hai fatto questo quiz